Loading...
| Science - Chemistry | 0 | 3 | 0 | 1 | 30 | 55 | 93.00 | 2 | 3 | 5.93 | 19.58 |
| Religion | 0 | 2 | 0 | 0 | 20 | 95 | 109.00 | 0 | 1 | 3.37 | 9.58 |
| Literature - American | 0 | 1 | 0 | 1 | 10 | 142 | 142.00 | 0 | 1 | -0.06 | 1.67 |
| Mythology | 0 | 1 | 0 | 0 | 10 | 123 | 123.00 | 0 | 0 | 0.00 | 1.67 |
| Other Academic | 0 | 1 | 0 | 0 | 10 | 130 | 130.00 | 0 | 0 | -0.26 | 13.33 |
| Philosophy | 0 | 1 | 0 | 0 | 10 | 119 | 119.00 | 0 | 1 | 1.09 | 5.00 |
| Science - Biology | 0 | 1 | 0 | 1 | 10 | 116 | 116.00 | 0 | 1 | -0.07 | 1.67 |
| Current Events | 0 | 1 | 0 | 1 | 10 | 122 | 122.00 | 0 | 1 | 0.20 | 5.00 |
| History - European | 0 | 1 | 0 | 1 | 10 | 142 | 142.00 | 0 | 0 | 0.00 | 1.67 |
| Science - Physics | 0 | 1 | 0 | 0 | 10 | 73 | 73.00 | 1 | 1 | 3.43 | 8.33 |
| Social Science | 0 | 1 | 2 | 0 | 0 | 63 | 63.00 | 1 | 1 | 4.03 | 8.33 |
| Literature - British | 0 | 0 | 1 | 0 | -5 | 0.00 | 0 | 0 | 0.00 | 0.00 | |
| Science - Other | 0 | 0 | 3 | 0 | -15 | 0.00 | 0 | 0 | 0.00 | 0.00 |